000 00596nam a2200217Ia 4500
003 OSt
005 20230425094152.0
008 210423s2001 xx 000 0 und d
020 _a8120318832
040 _cAL
041 _aeng
082 _a660.6 CHEN
100 _aCHEREMISINOFF (Nicholas P).
_992125
245 _aBiotechnology for waste and wastewater treatment.
260 _aNew Delhi
_bPHI Learning Pvt Ltd
_c2001
300 _axiv,231
_bPB
365 _b225
_cINR
650 _aBiotechnology
_992126
906 _aBiotechnology ; treatment ; waste ; wastewater
942 _2ddc
_cBK
999 _c162570
_d162570